La anomalía (Registro nro. 15724)

000 -CABECERA
campo de control de longitud fija 01948nam a22002177a 4500
003 - IDENTIFICADOR DEL NÚMERO DE CONTROL
campo de control OSt
005 - FECHA Y HORA DE LA ÚLTIMA TRANSACCIÓN
campo de control 20241015142942.0
008 - DATOS DE LONGITUD FIJA--INFORMACIÓN GENERAL
campo de control de longitud fija 241015b ||||| |||| 00| 0 spa d
020 ## - NÚMERO INTERNACIONAL ESTÁNDAR DEL LIBRO
Número Internacional Estándar del Libro 9789584294777
040 ## - FUENTE DE LA CATALOGACIÓN
Centro/agencia transcriptor CO-Mq BPB
041 ## - CÓDIGO DE LENGUA
Código de lengua del texto/banda sonora o título independiente spa
082 ## - NÚMERO DE LA CLASIFICACIÓN DECIMAL DEWEY
Número de clasificación AN
Número de documento/Ítem TELa
100 ## - ENTRADA PRINCIPAL--NOMBRE DE PERSONA
Nombre de persona Le Tellier, Hervé
Fechas asociadas al nombre 1957
Término indicativo de función/relación autor
245 ## - MENCIÓN DE TÍTULO
Título La anomalía
264 ## - PRODUCCIÓN, PUBLICACIÓN, DISTRIBUCIÓN, FABRICACIÓN Y COPYRIGHT
Producción, publicación, distribución, fabricación y copyright Barcelona, España:
Nombre del de productor, editor, distribuidor, fabricante Seix-Barral
Fecha de producción, publicación, distribución, fabricación o copyright 2021
300 ## - DESCRIPCIÓN FÍSICA
Extensión 366 páginas
Otras características físicas tapa rustica
Dimensiones 23 cm
521 ## - NOTA DE PÚBLICO DESTINATARIO
Nota de público destinatario Una novela muy inteligente, muy fresca, extraordinariamente divertida y bien armada, dotada de una virtud que solo está al alcance de grandes novelas: es fácil de leer y difícil de entender.», Javier Cercas.«Un argumento tan genial como complejo, tan entretenido como inverosímil, tan extraño como absorbente.», Pedro Bosqued, Heraldo de Aragón.«Una de las lecturas más originales y absorbentes de los últimos tiempos.», Sergio Vila-Sanjuán, Cultura/s (La Vanguardia).«Una genialidad verdaderamente entretenida.», Les Inrockuptibles.«A este libro no le falta imaginación ni ingenio. A caballo entre Roald Dahl y El doble de Dostoievski reescrito por Raymond Queneau.», L?Express.El 10 de marzo de 2021 los doscientos cuarenta y tres pasajeros de un avión procedente de Paris aterrizan en Nueva York después de pasar por una terrible tormenta. Ya en tierra, cada uno sigue con su vida. Tres meses más tarde, y contra toda lógica, un avión idéntico, con los mismos pasajeros y el mismo equipo a bordo, aparece en el cielo de Nueva York. Nadie se explica este increíble fenómeno que va a desatar una crisis política, mediática y científica sin precedentes en la que cada uno de los pasajeros acabará encontrándose cara a cara con una versión distinta de sí mismos. Hervé Le Tellier firma una novela brillante, inteligente y virtuosa en la que la lógica se funde con lo imposible.
650 ## - PUNTO DE ACCESO ADICIONAL DE MATERIA--TÉRMINO DE MATERIA
Término de materia o nombre geográfico como elemento de entrada Literatura
650 ## - PUNTO DE ACCESO ADICIONAL DE MATERIA--TÉRMINO DE MATERIA
Término de materia o nombre geográfico como elemento de entrada Narrativa
942 ## - ELEMENTOS DE PUNTO DE ACCESO ADICIONAL (KOHA)
Fuente del sistema de clasificación o colocación
Tipo de ítem Koha Libro Literatura
Existencias
Estado de retiro Estado de pérdida Fuente del sistema de clasificación o colocación Estado dañado No para préstamo Código de colección Localización permanente Ubicación/localización actual Ubicación en estantería Fecha de adquisición Fuente de adquisición Número de inventario Total de préstamos Signatura topográfica completa Código de barras Fecha visto por última vez Fecha del último préstamo Número de copia Precio válido a partir de Tipo de ítem Koha Nota pública
          Literatura Adulto Biblioteca Pública San Juan Bosco Biblioteca Pública San Juan Bosco Literatura 15/10/2024 Donación NT 3 AN TELa MOS503955 29/01/2026 29/01/2026 Ej.1 15/10/2024 Libro Literatura Quince dias

© Todos los derechos reservados para la Biblioteca Pública Municipal San Juan Bosco, 2020
Secretaria de Cultura de Mosquera
Carrera 3 N° 10 Esquina Centro Cultural Barrio El Carmén Teléfono: 8270830 Ext: 34
Funcionando con KOHA
Contacto: Biblioteca Pública Municipal San Juan Bosco/ bibliotecasanjuanbosco@mosquera-cundinamarca.gov.co
Mosquera, Cundinamarca